Оценка эффективности распределенной системы управления заявками на основе программного эксперимента; Молодежь и современные информационные технологии; Т. 1

Podrobná bibliografie
Parent link:Молодежь и современные информационные технологии: сборник трудов XIII Международной научно-практической конференции студентов, аспирантов и молодых ученых, г. Томск, 9-13 ноября 2015 г./ Национальный исследовательский Томский политехнический университет (ТПУ), Институт кибернетики (ИК) ; под ред. Т. Е. Мамоновой [и др.].— , 2016
Т. 1.— 2016.— [С. 38-39]
Hlavní autor: Нагиев А. Е.
Korporativní autor: Национальный исследовательский Томский политехнический университет (ТПУ) Институт кибернетики (ИК) Кафедра информатики и проектирования систем (ИПС)
Další autoři: Ботыгин И. А. Игорь Александрович (научный руководитель)
Shrnutí:Заглавие с титульного экрана
Jazyk:ruština
Vydáno: 2016
Edice:Микропроцессорные системы, компьютерные сети и телекоммуникации
Témata:
On-line přístup:http://earchive.tpu.ru/handle/11683/16956
Médium: MixedMaterials Elektronický zdroj Kapitola
KOHA link:https://koha.lib.tpu.ru/cgi-bin/koha/opac-detail.pl?biblionumber=617523

MARC

LEADER 00000naa2a2200000 4500
001 617523
005 20231101132950.0
035 |a (RuTPU)RU\TPU\conf\15836 
035 |a RU\TPU\conf\15834 
090 |a 617523 
100 |a 20160315d2016 k y0rusy50 ca 
101 0 |a rus  |g rus 
102 |a RU 
105 |a y z 101zy 
135 |a drcn ---uucaa 
181 0 |a i  
182 0 |a b 
200 1 |a Оценка эффективности распределенной системы управления заявками на основе программного эксперимента  |f А. Е. Нагиев  |g науч. рук. И. А. Ботыгин 
203 |a Текст  |c электронный 
225 1 |a Микропроцессорные системы, компьютерные сети и телекоммуникации 
230 |a 1 компьютерный файл (pdf; 361 Кb) 
300 |a Заглавие с титульного экрана 
320 |a [Библиогр.: с. 39 (4 назв.)] 
337 |a Adobe Reader 
461 1 |0 (RuTPU)RU\TPU\conf\15701  |t Молодежь и современные информационные технологии  |o сборник трудов XIII Международной научно-практической конференции студентов, аспирантов и молодых ученых, г. Томск, 9-13 ноября 2015 г.  |o в 2 т.  |f Национальный исследовательский Томский политехнический университет (ТПУ), Институт кибернетики (ИК) ; под ред. Т. Е. Мамоновой [и др.]  |d 2016 
463 0 |0 (RuTPU)RU\TPU\conf\15703  |t Т. 1  |v [С. 38-39]  |d 2016 
610 1 |a труды учёных ТПУ 
610 1 |a электронный ресурс 
610 1 |a системы управления 
610 1 |a программные эксперименты 
610 1 |a вычислительные системы 
610 1 |a иерархические структуры 
610 1 |a ядерные процессы 
700 1 |a Нагиев  |b А. Е. 
702 1 |a Ботыгин  |b И. А.  |c специалист в области информатики и вычислительной техники  |c доцент Томского политехнического университета, кандидат технических наук  |f 1947-  |g Игорь Александрович  |2 stltpush  |4 727 
712 0 2 |a Национальный исследовательский Томский политехнический университет (ТПУ)  |b Институт кибернетики (ИК)  |b Кафедра информатики и проектирования систем (ИПС)  |h 124  |2 stltpush  |3 (RuTPU)RU\TPU\col\18697 
801 2 |a RU  |b 63413507  |c 20160404  |g RCR 
856 4 |u http://earchive.tpu.ru/handle/11683/16956 
942 |c BK